000 00313nam a22001337a 4500
008 171004b xxu||||| |||| 00| 0 eng d
020 _a9780321018304
041 _aeng
080 _210TH
_a159.9
100 _a48
101 _aPSI
245 _aABNORMAL PSYCHOLOGY AND MODERN LIFE
_cCARSON,R.C
942 _2udc
_cBK
999 _c31820
_d31820